Výsledok hospodárenia účtovnej jednotky a jeho zobrazenie v účtovníctve bakalárska práca

Na minha lista:
Detalhes bibliográficos
Autor principal: Záhumenská, Miroslava
Autor Corporativo: Fakulta hospodárskej informatiky EU. Katedra účtovníctva a audítorstva
Outros Autores: Tomanicová, Viera
Formato: Livro
Idioma:eslovaco
Publicado em: Bratislava 2015
Tags: Adicionar Tag
Sem tags, seja o primeiro a adicionar uma tag!

MARC

LEADER 00000nbm a2200000 4500
001 0203678
005 20240627114853.7
041 0 |a slo 
044 |a SK 
245 1 0 |a Výsledok hospodárenia účtovnej jednotky a jeho zobrazenie v účtovníctve  |b bakalárska práca  |c Miroslava Záhumenská ; školiteľ: Viera Tomanicová 
264 1 |a Bratislava  |c 2015 
300 |a 50 s. 
100 1 |a Záhumenská, Miroslava 
700 1 |a Tomanicová, Viera 
710 2 |a Fakulta hospodárskej informatiky EU. Katedra účtovníctva a audítorstva